Zdroje financovania neziskovej organizácie bakalárska práca

Enregistré dans:
Détails bibliographiques
Auteur principal: Murínová, Miriama
Collectivité auteur: Fakulta podnikového manažmentu EU. Katedra podnikovohospodárska
Autres auteurs: Hrušovská, Dana, 1964-
Format: Livre
Langue:slovaque
Publié: Bratislava 2017
Tags: Ajouter un tag
Pas de tags, Soyez le premier à ajouter un tag!

MARC

LEADER 00000nbm a2200000 4500
001 0232490
005 20171024102530.0
041 0 |a slo 
044 |a SK 
245 1 0 |a Zdroje financovania neziskovej organizácie  |b bakalárska práca  |c Miriama Murínová ; školiteľ: Dana Hrušovská 
264 1 |a Bratislava  |c 2017 
300 |a 43 s. 
100 1 |a Murínová, Miriama 
700 1 |a Hrušovská, Dana, 1964- 
710 2 |a Fakulta podnikového manažmentu EU. Katedra podnikovohospodárska